000 03678nam0a2200409 4500
001 RU\NLR\BIBL_A\012896995
005 20221109121441.0
010 _a978-5-9948-4332-1
_9100
021 _aRU
_bКН-П-22-050853
_9КН-П-22-4419
035 _a(NLR Aleph) 012896995
035 _a(RuMoRGB)011163642
090 _a12568648
_c12568648
100 _a20220927d2022 u y0rusy50 ca
101 0 _arus
102 _aRU
105 _aa|||j||||||z|
181 1 _ai
_baxxe
182 1 _an
200 1 _aОрганизация контроля качества
_eнеразрушающие методы контроля прочности
_eучебное пособие
_eдля подготовки бакалавров очной и заочной форм обучения направления 08.03.01 "Строительство"
_fА. А. Крутилин, Н. А. Инькова, О. К. Пахомова
_gМинистерство науки и высшего образования Российской Федерации, Волгоградский государственный технический университет, Себряковский филиал ВолгГТУ
203 _aТекст
_bвизуальный
_cнепосредственный
210 _aВолгоград
_cВолгГТУ
_d2022
215 _a111, [1] с.
_cил.
_d20
313 _aКонтроль качества бетонных и железобетонных изделий.
320 _aБиблиогр.: с. 111-112 (26 назв.)
330 _aРассматриваются основные понятия о качестве железобетонных конструкций и его количественных показателях. Охвачен материал, изучаемый студентами самостоятельно, который включает в себя теоретические сведения. Изложены основные принципы управления качеством продукции, история развития управления качеством, рассмотрены методы оценивания уровня качества продукции, виды технического контроля и методы организации системы контроля, в том числе и статистического, приведены методы неразрушающего контроля. Предназначено для подготовки бакалавров очной и заочной форм обучения направления 08.03.01 "Строительство"
606 1 _aБетонные конструкции
_jУчебные издания для высших учебных заведений
_xТехнический контроль
_xНеразрушающие методы
_92532754
_3RU\NLR\AUTH\6601713815
606 1 _aЖелезобетонные конструкции
_jУчебные издания для высших учебных заведений
_xТехнический контроль
_xНеразрушающие методы
_92532752
_3RU\NLR\AUTH\6601713814
675 _a005.6(075.8)
_v4
686 1 _aН626.2-7с108я73-1
686 1 _aН53-07с108я73-1
700 1 _aКрутилин
_bА. А.
_gАлександр Александрович
701 1 _aИнькова
_bН. А.
_gНадежда Александровна
701 1 _aПахомова
_bО.К.
_gОлеся Константиновна
942 _cBOOK
980 _aNB